Regional cooperation in export credit and export credit guarantees.

Bibliographic Details
Corporate Author: United Nation# ESCAP
Format: Book
Published: New York: United Nations, 1995.
Subjects:
LEADER 00508cam a2200157 7i4500
001 0000003238
005 19991025090000.0
002 ##000004587
020 0 0 |a T000004197  
090 0 0 |a B 332.742   |b REG 
245 0 0 |a Regional cooperation in export credit and export credit guarantees. 
260 0 0 |a New York:   |b United Nations,   |c 1995. 
300 0 0 |a 85 p.. 
650 0 0 |a International cooperation#  |a Insurance --   |x Export credit  
710 1 1 |a United Nation#  |a ESCAP  
999 |a 0000005455  |b Book  |c Open shelf  |e Business Information Centre